• 首页
  • 本馆介绍
  • 公告通知
  • 最新文献
  • 馆藏检索
  • 电子资源
  • 读者导购
  • 参考咨询
  • 我的图书馆
  • 登录
  • 详细信息显示
  • 放入我的书架
  • 预约/预借图书
  • 作者相关作品
  • 分类相关作品
  • 丛书相关作品
  • 出版社相关作品

书目信息

  • 表格格式
  • 工作单格式
  • 卡片格式
题名:
和田玉鉴赏投资指南
    
 
作者: 包章泰 主编
分册:  
出版信息: 北京   中国书店  2015
页数: 208页
开本: 24cm
丛书名: 专家解读艺术品鉴赏投资丛书
单 册:
中图分类: TS933.21 , F768.7
科图分类:
主题词: 玉石--鉴赏--和田地区 , 玉石--投资--和田地区
电子资源:
ISBN: 978-7-5149-1142-8
000 01035nam0 2200301 450
001 339259
005 20150608095811.50
010    @a978-7-5149-1142-8@b软精装@dCNY88.00
100    @a20150225d2015 em y0chiy50 ea
101 0  @achi
102    @aCN@b110000
105    @aa z 000yy
106    @ar
200 1  @a和田玉鉴赏投资指南@Ahe tian yu jian shang tou zi zhi nan@f包章泰主编
210    @a北京@c中国书店@d2015
215    @a208页@c彩照@d24cm
225 1  @a专家解读艺术品鉴赏投资丛书@v4
225 1  @a专家解读收藏投资丛书@v4
330    @a本书不仅对和田玉的基本知识、种类鉴赏、价值分析进行了解读, 而且向读者展示了和田玉的识别特征、收藏与保养方法、投资技巧, 以及艺术作品在造型工艺方面的鉴定与评价知识。
410  0 @12001 @a专家解读艺术品鉴赏投资丛书
410  0 @12001 @a专家解读收藏投资丛书
606 0  @a玉石@x鉴赏@y和田地区
606 0  @a玉石@x投资@y和田地区
690    @aTS933.21@v5
690    @aF768.7@v5
701  0 @a包章泰@Abao zhang tai@4主编
801  0 @aCN@b卓展宏图@c20150525
905    @dTS933.21@e44@f5
    
    和田玉鉴赏投资指南/包章泰主编.-北京:中国书店,2015
    208页:彩照;24cm.-(专家解读艺术品鉴赏投资丛书;4).-(专家解读收藏投资丛书;4)
    
    
    ISBN 978-7-5149-1142-8(软精装):CNY88.00
    本书不仅对和田玉的基本知识、种类鉴赏、价值分析进行了解读, 而且向读者展示了和田玉的识别特征、收藏与保养方法、投资技巧, 以及艺术作品在造型工艺方面的鉴定与评价知识。
●
相关链接 在E读中查询图书 在五车中查询图书 在当当中查询图书 在豆瓣中查询图书


正题名:和田玉鉴赏投资指南     索取号:TS933.21/44         预约/预借

序号 登录号 条形码 馆藏地/架位号 状态 备注
1 864301   208643011   第二样本阅览室/ [索取号:TS933.21/44] 在馆    
2 864302   208643020   第三借阅区/ [索取号:TS933.21/44] 在馆    
3 864303   208643039   第三借阅区/ [索取号:TS933.21/44] 在馆    
4 864304   208643048   第三借阅区/ [索取号:TS933.21/44] 在馆    
5 864305   208643057   第三借阅区/ [索取号:TS933.21/44] 在馆    
唐山师范学院图书馆 欢迎您!
大连网信软件有限公司© 版权所有